000 00812nam a2200277Ia 4500
008 180523s9999 xx 000 0 und d
020 _a0-7619-4324-2
050 _aMAIN HQ 774.5
050 _b.P67 2003
100 _aPorter, Louise.
245 0 _aYoung children's behavior :
245 0 _bpractical approaches for caregivers and teachers /
245 0 _cLouise Porter.
250 _a2nd Edition
260 _aAustralia :
260 _bPaul Chapman Publishing,
260 _c2003
300 _a252 pages :
300 _c24 cm.
500 _aIncludes bibliographical references and index.
650 _aClassroom management.
650 _aDiscipline of children.
650 _aPreschool children -- Psychology.
650 _xBehavior modification.
650 _xEarly childhood education.
999 _c357288
_d357288